Les 50 Villes d'Ile de France au plus faible revenu médian - Statistiques

Statistiques générales
  • Ce quiz a été pris 39 fois
  • Le résultat moyen est 23 sur 50
Statistiques - réponses
Rang Dpt. Init. Commune Revenu % Correct
11 93 S St Denis 18 330
86%
1 91 G Grigny 16 470
80%
33 91 E Evry Courcouronnes 21 020
74%
9 95 S Sarcelles 18 180
74%
4 93 A Aubervilliers 17 210
71%
8 93 B Bobigny 18 050
71%
16 78 M Mantes la Jolie 19 370
66%
17 93 B Bondy 19 420
63%
26 93 D Drancy 20 290
63%
25 92 G Gennevilliers 20 160
63%
18 93 S Sevran 19 450
63%
35 95 A Argenteuil 21 300
60%
2 93 C Clichy sous Bois 16 520
60%
5 95 G Garges les Gonesse 17 320
57%
32 93 A Aulnay sous Bois 20 930
54%
42 93 B Bagnolet 21 660
54%
3 93 L La Courneuve 16 820
54%
45 93 P Pantin 21 820
54%
24 78 T Trappes 20 060
54%
29 95 G Gonesse 20 810
51%
36 77 M Melun 21 310
51%
28 93 N Noisy le Sec 20 600
51%
20 93 E Epinay sur Seine 19 650
49%
19 93 L Le Blanc Mesnil 19 630
49%
41 94 O Orly 21 560
49%
44 93 V Villepinte 21 760
46%
42 94 V Vitry sur Seine 21 660
46%
22 95 G Goussainville 19 960
43%
49 78 M Mantes la Ville 22 000
43%
7 95 V Villiers le Bel 17 750
43%
21 78 L Les Mureaux 19 800
40%
6 93 S Stains 17 670
40%
27 92 V Villeneuve la Garenne 20 310
40%
14 94 V Villeneuve St Georges 19 030
40%
13 93 L Le Bourget 18 680
34%
38 77 P Provins 21 450
34%
31 91 C Corbeil Essonnes 20 820
31%
15 93 D Dugny 19 090
31%
12 93 V Villetaneuse 18 390
31%
39 91 F Fleury Mérogis 21 470
29%
40 77 N Nemours 21 490
29%
48 94 B Bonneuil sur Marne 21 990
23%
34 77 L Le Mée sur Seine 21 060
23%
46 91 L Les Ulis 21 930
23%
23 94 V Valenton 20 040
23%
50 78 L Limay 22 060
20%
10 77 M Montereau Fault Yonne 18 230
20%
37 95 P Persan 21 410
20%
47 78 C Chanteloup les Vignes 21 940
9%
29 91 E Epinay sous Sénart 20 810
9%
Aucun quiz correspondant
Distribution des résultats
% des personnes avec chaque résultat
Percentile par nombre de réponses
Votre historique - résultats
Vous n’avez pas pris ce quiz